Quizzes
Events
Quiz Creation
Community
Videos
Private Events
Remove Ads
Sign In
Join for FREE
Feedback
Dark Mode
Quiz Categories
Sports
Geography
Music
Movies
Television
Just For Fun
Miscellaneous
History
Literature
Language
Science
Gaming
Entertainment
Religion
Holiday
For Kids
Quiz Lab
Recent
Popular Today
Quiz Kudos Today
Editor Picks
Curator Picks
Quizzes by...
Day
Popularity
Type
Ratings
Length
Year
Community
Subscriptions
Recent Discussions
Orange Saloon
Badges
Playlists
Quests
Create
Leaderboards
Showdown
Live 5
Trivia Bingo
Activity
Puzzle Library
Sporcle Events
Private Events
Virtual Trivia
Globe League
Become a Host
Pub Owners
SporcleCon
Opinionation
Our Games
Videos
Blog
Mobile Apps
Partnerships
Remove Ads and Go Orange
Feedback
Gaming
Video Games
Board Games
Card Games
Pokémon
Mario
Nintendo
Minecraft
Console
Toys
Legend of Zelda
Gaming
Video Games
Board Games
Card Games
Pokémon
Mario
Nintendo
Minecraft
Console
Toys
Legend of Zelda
Random Quiz
Search Sporcle
×
Quiz Lab
Quiz Lab
Gaming
clank
Type in answers that appear in a list
Type in answers that appear in a list
Classic
Best Score? Go Orange.
Ratchet and Clank Extended Character Quiz Stats
Can you name these Ratchet and Clank characters?
By
ratchetman47
16m
74 Questions
141 Plays
141 Plays
141 Plays
Comments
Comments
Give Quiz Kudos
Give Quiz Kudos
-
- Ratings
hide this ad
Replay
Link that replays current quiz
Next Quiz
Link to next quiz in quiz playlist
You Got
0%
They Got
Avg Score
61%
Avg Friend Score
Upgrade to see
Score Distribution
Jump to the score distribution portion of the page
Score
0/74
Timer
16:00
0
Plays Today
Details
Character
% Correct
Main Lombax protagonist
Ratchet
100%
Son of Orvus
Clank/XJ-0461
99.3%
Robotic archenemy of the above character
Doctor Nefarious
95.7%
Galactic President of the Polaris Galaxy
Copernicus Leslie Qwark
94.3%
Ultimate Supreme Executive Chairman of Blarg Industries
Alonzo Drek
92.2%
Inventor and roboshack owner on Planet Kerwan
Big Al
90.8%
Robotic butler in service to a supervillian
Lawrence
86.5%
A Markazian daughter to a famous explorer
Talwyn Apogee
85.8%
The other old warbot
Lietenant Commander Zephyr
85.8%
Solanian water worker and janitor
The Plumber
85.8%
Old warbot serving the above character
Chief Admiral Cronk
85.1%
Captain of the Starship Phoenix
Sasha Phyronix
83.7%
Thief of the Megacorp Protopet
Angela Cross
83%
Creator of the Great Clock
Orvus
83%
Black Ops Officer of the Q-
Force under the codename 'Shadow Dude'
Skidd McMarxx
82.3%
Evil counterpart of Clank
Klunk
82.3%
Exiled Lombax warrior and former friend of Kaden
General Alister Azimuth
81.6%
Personal Training Officer of the Q-
Force
Helga von Streissenburgen
80.1%
Founder of Vox Industries and President of Dreadzone
Gleeman Vox
80.1%
Crown Prince of the Cragmites
Emperor Percival Tachyon
78.7%
Extremely rare mystical beings who can manipulate time
Zoni
77.3%
Ratchet's father
Kaden
77.3%
Robotic pop star in the Solana Galaxy
Courtney Gears
75.9%
Female space criminal born in the Netherverse
Vendra Prog
75.2%
Mysterious Black Market weapons dealer from the Bogon Galaxy
Slim Cognito
75.2%
CEO of Megacorp
Abercrombie Fizzwidget
74.5%
Cyclophic monkey and member of the Q-
Force
Skrunch
73%
Junior Caretaker of the Great Clock
Sigmund/Sigma 0426A
72.3%
Male space criminal born in the Netherverse
Neftin Prog
70.2%
Robot reporter for Channel 64 News
Darla Gratch
69.5%
Leader of the Polaris space pirates
Captain Romulus Slag
69.5%
Anchorwoman for Vox News
Juanita Alvaro
68.1%
First mate to the Polaris space pirate captain
Rusty Pete
68.1%
Black Market dealer operating in the Polaris Galaxy
The Smuggler
66.7%
Dual-
sword weilding Gladiator at the Maktar Resort
Chainblade
66%
Ex-
Superhero defending the Liberator Tournament
Ace Hardlight
66%
Cybernetic alien gladiator at the Maktar Resort and later Annihilation Nation
B2 Brawler/Scorpio
65.2%
Details
Character
% Correct
Famous Markazian explorer and searcher of Lombax artifacts
Max Apogee
64.5%
Cybernetic Terraklon assassin and mercenary employed by Nefarious
Lord Flint Vorselon
63.1%
Sentient Lombax starship
Aphelion
62.4%
Leader of the Thugs-
4-
Less mercenary company
Thug Leader
61%
Galactic President of the Solana Galaxy
President Phyronix
61%
Mysterious technomite emperor obsessed with cloning Ratchet
Emperor Otto Destruct
56.7%
Former leader of the space pirates
Captain Angstrom Darkwater
56.7%
Nemesis of Secret Agent Clank
Maxmillian
55.3%
Anchorman for Vox News
Dallas Wanamaker
55.3%
Technomite robot masquerading as a young girl
Luna
53.9%
Ancient supercomputer on the Kreeli Comet
IRIS Supercomputer
53.9%
Leader of the Nether freed by Vendra Prog
Mr. Eye
52.5%
Bonus Winter-
themed skin available after obtaining an amount of Titanium/
Gold Bolts
Snow Dude
52.5%
Mechanic and adoptive father of Ratchet
Grimroth Razz
51.1%
Supreme Valkyrie leader working for Nefarious
Cassiopeia
49.6%
Insomniac Games employee and level designer hidden in many of the games
Dan Johnson
48.2%
Nuclear powered combat robot defending the Crusader Tournament
Dull Bookworm/Reactor
46.1%
Intergalactic hero from Kerwan killed by the above character in DreadZone
Captain Starshield
46.1%
Female Markazian member of the Galactic Rangers
Cora Veralux
46.1%
CEO and Founder of Pollyx Industries in Axiom City
Pollyx
44.7%
Omega Series Warbot defending the Avenger Tournament
Ivan Von Shellshocktonberg/Shellshock
44%
Warbot lieutenant and commander of the forces of Drek Industries
Victor Von Ion
44%
Brutish male member of the Galactic Rangers
Brax Lectrus
42.6%
Second-
in-
command and communication support officer of the Galactic Rangers
Elaris
42.6%
Cybernetic insectoid defending the Vindicator Tournament
The Eviscerator
41.8%
Argorian battle-
mount trained by Qwark under the name 'Snowball'
War Grok
36.2%
Famed Argorian commander present in the Battle of Gimlick Valley
Commander Lornock Argos
34%
Female member of 'The Terrible Two' at Annihilation Nation
Helen
32.6%
Major criminal and Qwark's cell-
mate incarcerated in Aleero City Penitentiary
Shiv Helix
31.9%
Service robot working as Drek's attendant
Zed
31.9%
Superheroine from Aquatos rescued by Ratchet and Clank from DreadZone
Hydro Girl
31.9%
Mayor of the Hoolefoids of Hoolefar Island
Mayor Barnabus Worley
25.5%
Antagonistic Tharpod and former colleague of Dr. Croid
Nevo Binklemeyer
17.7%
Interstellar Machine responsible for the kidnapping of Ratchet, Clank, Qwark and Nefarious
Ephemeris
13.5%
The Toranux Spirit controlling the above machine
Loki Master
12.1%
Warbot based on Magnus in command of the Minion armies
Commander Spog
9.9%
Male member of 'The Terrible Two' at Annihilation Nation
Greg
5%
Quiz Playlist
Details
Report
Send in Message
Add To Playlist
Classic:
Type in answers that appear in a list
Last Updated: May 23, 2017
Quiz Scoreboard
CHALLENGE
Sign Up to Join the Scoreboard
Show All
Scores
Hide
Comments
May contain spoilers
Recently Published
Movies - When Are They Set?
by FPL_Elf
Movies
5m
Popular People in 1961
by mucciniale
History
6m
1-10 Letter E Words III
by El_Dandy
Language
2m
More to Explore
Quiz From the Vault
Featured Blog Post
Where Did the Easter Bunny Come From?
hide this ad
You Might Also Like...
Tags
Character
clank
detail
Extended
Featured
ratchet
Today's Top Quizzes in Gaming
Browse Gaming
hide this ad
Top Contributed Quizzes in Gaming
1
Destiny 2 exotic weapons by perk icons
2
Ultimate Genshin Impact Logic Puzzle (up to 4.3)
3
Genshin Impact Logic Puzzle Quiz
4
Who's on the WWE 2K24 Cover?
5
Windmill: Pokémon
6
Franchise by Action Figure
7
Legendary or Exotic?
8
Overwatch 2: Ultimate Ability Icons
9
Overwatch 2 Heroes by Selection Quote
10
Genshin murder mystery
Explore More
Trending Topics
Marvel
NBA
Crossword
Anime
Harry Potter
Kpop
Disney
NFL
Country
Puzzle
The Office
Pokémon
Song
Soccer
WWE
hide this ad
More By:
ratchetman47
Quiz
Plays
Rating
Category
Featured
Created
Shadowhunters Characters by Surname
1,181
Entertainment
Aug 27, 2017
Witcher 3 Extended Characters Quiz
1,154
4.75
Gaming
Jun 30, 2017
Ratchet and Clank Extended Character Quiz
141
Gaming
May 23, 2017
Marvel Character Identities by their Alias
121
3.00
Entertainment
Sep 13, 2017
Marvel Extended Character Identities
92
3.67
Entertainment
Jun 22, 2017
Go to Creator's Profile
Score Distribution
Quiz Creator Spotlight
ratchetman47
Follow
Send a Message
Quizzes Created
-
Created Quiz Play Count
-
More By This Creator
Popular Quizzes Today
1
Find the US States - No Outlines Minefield
2
Find the Countries of Europe - No Outlines Minefield
3
The Countries of the World
4
Popular People in 1961
5
1-10 Letter E Words III
6
US States
7
Find the US States
8
One Thing in Common: World Cities II
More Gaming Quizzes
Name the five star characters in Genshin:D (2.5)
Quiz Lab
Trending Quizzes
Risky Map Clicking: Least Populous States A-Z
1-10 Letter F Words
Humor Books: The Subtitles
1-10 Letter G Words
One Thing in Common: United Kingdom
Recently Updated
Leaping Animals
pecheneg
Reality TV Shows (A-Z)
bhenderson79
Rickey Henderson's Hall of Fame Teammates
pecheneg
Champions League XIs: Arsenal
pecheneg
Quick Pick: Celebrities in WWE's Hall of Fame
aduchscher
A-Z Keypad Blitz II
pecheneg
Multiple Oscar Actors
pecheneg
Mystery Phrase Blitz: Oscar 'Best Actors'
pecheneg
F. Scott Fitzgerald Novels
LTH
Pick 3 Villains
ddd62291
Trending Topics
Disney
Marvel
NBA
Anime
Kpop
Crossword
Harry Potter
Song
Country
WWE
Pokémon
Soccer
Puzzle
The Office
NFL
Your Account Isn't Verified!
In order to create a playlist on Sporcle, you need to verify the email address you used during registration. Go to your
Sporcle Settings
to finish the process.
Report this User
Report this user for behavior that violates our
Community Guidelines
.
Details:
Send Report
Go to the Sporcle.com Mobile Site →
Comments